| 000 | 00871 a2200241 4500 | ||
|---|---|---|---|
| 003 | CBULib | ||
| 005 | 20231115071225.0 | ||
| 008 | 231016b |||||||| |||| 00| 0 eng d | ||
| 020 | _a9780198568131 | ||
| 040 |
_bEnglish _cCBULib _erda |
||
| 050 | _aQA 274 Sti | ||
| 100 | 1 |
_aStirzaker, David _9865 |
|
| 245 |
_aStochastic processes and models _c/ by David Stirzaker |
||
| 260 |
_bOxford University Press, _c2005 _aOxford : |
||
| 300 | _a vi, 331 pages : illustrations | ||
| 336 |
_2rdacontent _aText | _btxt |
||
| 337 |
_2rdamedia _aUnmediated | _bn |
||
| 338 |
_2rdacarrier _aVolume _bnc |
||
| 500 | _aAn introduction to simple stochastic processes and models, this text includes numerous exercises, problems and solutions, as well as covering key concepts and tools. | ||
| 650 | 0 |
_9866 _aSTOCHASTIC PROCESSES |
|
| 650 | 0 |
_9867 _aSTOCHASTIC MODELS |
|
| 942 |
_2lcc _c002 |
||
| 999 |
_c82970 _d82970 |
||